Sanskrit vyakaranasastretihasa vimarsha (Record no. 425881)

MARC details
000 -LEADER
fixed length control field 00849nam a2200265Ia 4500
003 - CONTROL NUMBER IDENTIFIER
control field OSt
005 - DATE AND TIME OF LATEST TRANSACTION
control field 20220924131001.0
008 - FIXED-LENGTH DATA ELEMENTS--GENERAL INFORMATION
fixed length control field 220923b |||||||| |||| 00| 0 san d
020 ## - INTERNATIONAL STANDARD BOOK NUMBER
International Standard Book Number 9789381189733 (hbk)
037 ## - SOURCE OF ACQUISITION
Terms of availability Textual
040 ## - CATALOGING SOURCE
Original cataloging agency ARTS
Transcribing agency ARTS
Language of cataloging san
041 ## - LANGUAGE CODE
Source of code san
Language code of text/sound track or separate title san
100 ## - MAIN ENTRY--PERSONAL NAME
Personal name Shastri Ashoka Chandra Gaur Au.
9 (RLIN) 201054
245 #0 - TITLE STATEMENT
Title Sanskrit vyakaranasastretihasa vimarsha
260 ## - PUBLICATION, DISTRIBUTION, ETC.
Place of publication, distribution, etc. Varanasi
Name of publisher, distributor, etc. Bharatiya Vidya Sansthan India
Date of publication, distribution, etc. 2019
300 ## - PHYSICAL DESCRIPTION
Extent 395p.
Dimensions cm.
650 ## - SUBJECT ADDED ENTRY--TOPICAL TERM
Topical term or geographic name entry element SANSKRIT LANGUAGE - GRAMMAR
9 (RLIN) 40629
942 ## - ADDED ENTRY ELEMENTS (KOHA)
Classification part P15:3v, Q9
Koha item type Textual
Source of classification or shelving scheme Colon Classification (CC)
Holdings
Withdrawn status Lost status Damaged status Not for loan Home library Current library Date acquired Source of acquisition Total Checkouts Full call number Barcode Date last seen Price effective from Koha item type
        Arts Library Arts Library 2022-09-24 262, 20/12/2018, Eastern Book Linkers   P15:3v Q9 AL1664246 2022-09-24 2022-09-24 Textual
Copyright @ Delhi University Library System